[Event "4th 4NCL Easter Congress"]
[Site "Holiday Inn Peterborough - West"]
[Date "2024.03.31"]
[Round "4"]
[Board "23"]
[White "Ali, Golam S"]
[Black "Wynarczyk, Raymond"]
[Result "1-0"]
[WhiteElo "1894"]
[BlackElo "1858"]
[PlyCount "0"]
[EventDate "2024.03.29"]
[EventRounds "7"]
[EventCountry "ENG"]

1. d4 d5 2. c4 e6 3. Nf3 Nf6 4. Bg5 Bb4+ 5. Nc3 dxc4 6. e4 c5 7. e5 cxd4 8. exf6
gxf6 9. Bd2 dxc3 10. bxc3 Bc5 11. Bxc4 Qc7 12. Qe2 Nc6 13. O-O Bd7 14. Rab1 Bb6 15.
Bh6 Rg8 16. g3 Ne5 17. Bb5 Nxf3+ 18. Qxf3 Bxb5 19. Rxb5 Qc6 20. Qe2 O-O-O 21. Rfb1
Rd5 22. R5b4 Rgd8 23. h4 Rd3 24. Kh2 Rxc3 25. R1b2 Rd4 26. Rxd4 Bxd4 27. Qg4 Rxg3
28. fxg3 Bxb2 29. Qg8+ Kc7 30. Qxh7 Be5 31. Qxf7+ Qd7 32. Qg6 f5 33. h5 Qd5 34. Bg7
Qxa2+ 35. Kh3 Qd5 36. Bxe5+ Qxe5 37. h6 Qe1 38. Kh4 Qe4+ 39. Kg5 Qe3+ 40. Kf6 Kd6
41. Kf7 Qc3 42. Qxe6+ Kc7 43. Qe7+ Kb6 44. Qf6+ Kc7  1-0

[Event "4th 4NCL Easter Congress"]
[Site "Holiday Inn Peterborough - West"]
[Date "2024.03.31"]
[Round "5"]
[Board "1"]
[White "Clarke, Connor"]
[Black "Hebden, Mark L"]
[Result "0-1"]
[WhiteElo "1978"]
[BlackElo "2386"]
[PlyCount "0"]
[EventDate "2024.03.29"]
[EventRounds "7"]
[EventCountry "ENG"]

1. d4 Nf6 2. Nc3 d5 3. Bf4 g6 4. e3 Bg7 5. h4 h5 6. Nf3 O-O 7. Qd2 c5 8. Ne5 cxd4
9. exd4 Nc6 10. f3 Bf5 11. Bb5 Nxe5 12. dxe5 Nd7 13. O-O-O Nxe5 14. Rhe1 d4 15. Bxe5
Bxe5 16. Rxe5 dxc3 17. Qxc3 Qb6 18. g4 Rac8 19. Bc4 hxg4 20. f4 Rxc4 21. Qxc4 Rc8
22. Qe2 Rxc2+ 23. Qxc2 Bxc2 24. Kxc2 Qf2+ 25. Rd2 Qxf4 26. Rxe7 Qf5+ 27. Kd1 Qb1+
28. Ke2 Qxa2 29. Re4 a5 30. b4 Qb3 31. Rxg4 a4 32. Rf4 b5 33. Rfd4 a3 34. R2d3 Qb2+
35. Rd2 Qb1  0-1

[Event "4th 4NCL Easter Congress"]
[Site "Holiday Inn Peterborough - West"]
[Date "2024.03.31"]
[Round "5"]
[Board "2"]
[White "Fava, Lorenzo"]
[Black "Larchikov, Maksym"]
[Result "0-1"]
[WhiteElo "2281"]
[BlackElo "1951"]
[PlyCount "0"]
[EventDate "2024.03.29"]
[EventRounds "7"]
[EventCountry "ENG"]

1. Nf3 d5 2. e3 Nf6 3. b3 e6 4. Bb2 Be7 5. c4 O-O 6. Be2 c5 7. cxd5 exd5 8. d4 b6
9. O-O Bb7 10. Nc3 Nbd7 11. Rc1 Rc8 12. dxc5 bxc5 13. Bd3 Ne4 14. Qe2 Bf6 15. Bxe4
dxe4 16. Nd2 Qe7 17. Rfd1 Rfd8 18. Nc4 Ne5 19. Nxe5 Bxe5 20. Na4 Rxd1+ 21. Rxd1 Bxb2
22. Nxb2 h6 23. Qd2 Ba6 24. Qc3 Qe6 25. Rc1 Bb5 26. Rd1 Kh7 27. h3 Kg8 28. Qa5 Qb6
29. Qc3 Qe6 30. Rd2 Kh7 31. Qc1 Rc6 32. Rc2 Qf5 33. Kh2 h5 34. b4 cxb4 35. Rxc6 Bxc6
36. Qxc6 Qe5+ 37. Kg1 Qxb2 38. Qxe4+ g6 39. Qd5 Qc1+ 40. Kh2 Qc7+ 41. f4 a5 42. g4
hxg4 43. hxg4 Kg7 44. Kg3 Qc3 45. Kf3 a4 46. f5 gxf5 47. gxf5 b3 48. axb3 axb3 49.
Kf4 b2 50. Qg2+ Kh7 51. Qh1+ Kg8 52. Qa8+ Kg7 53. Qg2+ Kf8 54. Qb7 Qd2 55. Qb8+ Kg7
56. Qe5+ Kh7 57. Qb5 Qh2+ 58. Kg5 Qg1+  0-1

[Event "4th 4NCL Easter Congress"]
[Site "Holiday Inn Peterborough - West"]
[Date "2024.03.31"]
[Round "5"]
[Board "3"]
[White "Chan, Sheng Liang Bernard"]
[Black "Boswell, Jacob Connor"]
[Result "0-1"]
[WhiteElo "2082"]
[BlackElo "2254"]
[PlyCount "0"]
[EventDate "2024.03.29"]
[EventRounds "7"]
[EventCountry "ENG"]

1. d4 c5 2. d5 Nf6 3. Nf3 g6 4. Nc3 Bg7 5. e4 d6 6. h3 O-O 7. Be2 b5 8. Bxb5 Nxe4
9. Nxe4 Qa5+ 10. Nc3 Bxc3+ 11. bxc3 Qxb5 12. a4 Qc4 13. Qd3 Ba6 14. Bh6 Re8 15. Qxc4
Bxc4 16. O-O-O Nd7 17. Rhe1 Nb6 18. a5 Nxd5 19. Re4 Ba6 20. Rde1 Nxc3 21. Rxe7 Ne2+
 0-1

[Event "4th 4NCL Easter Congress"]
[Site "Holiday Inn Peterborough - West"]
[Date "2024.03.31"]
[Round "5"]
[Board "4"]
[White "Prior, Stephen CV"]
[Black "James, Russell A"]
[Result "1-0"]
[WhiteElo "2012"]
[BlackElo "2017"]
[PlyCount "0"]
[EventDate "2024.03.29"]
[EventRounds "7"]
[EventCountry "ENG"]

1. e4 c5 2. Nf3 e6 3. d4 cxd4 4. Nxd4 Nf6 5. Nc3 Nc6 6. g3 d6 7. Bg2 Bd7 8. O-O a6
9. Re1 Be7 10. Nce2 O-O 11. c4 Nxd4 12. Nxd4 Rc8 13. b3 b5 14. cxb5 axb5 15. a4 bxa4
16. bxa4 d5 17. e5 Ne4 18. Bxe4 dxe4 19. Ba3 Bxa3 20. Rxa3 Qa5 21. Rxe4 Qd5 22. Re1
Rc4 23. Nb5 Bxb5 24. Qxd5 exd5 25. axb5 Rb4 26. Ra5 Rb8 27. Rc1 h5 28. Rc7 h4 29.
Kg2 hxg3 30. hxg3 R4xb5 31. Raa7 d4 32. Rxf7 Rxe5 33. Rxg7+ Kf8 34. Raf7+ Ke8 35.
Rd7 Rb4 36. Ra7 Kf8 37. Rgf7+ Kg8 38. Rfd7 Kf8 39. f4 Rb2+ 40. Kf3 Rb3+ 41. Kg4 Ree3
42. Ra8+ Re8 43. Rxe8+  1-0

[Event "4th 4NCL Easter Congress"]
[Site "Holiday Inn Peterborough - West"]
[Date "2024.03.31"]
[Round "5"]
[Board "5"]
[White "Khoury, Theo"]
[Black "Srivastava, Arnav"]
[Result "1/2-1/2"]
[WhiteElo "2113"]
[BlackElo "1915"]
[PlyCount "0"]
[EventDate "2024.03.29"]
[EventRounds "7"]
[EventCountry "ENG"]

1. e4 e5 2. Nf3 Nc6 3. d4 exd4 4. Nxd4 Nf6 5. Nxc6 bxc6 6. e5 Qe7 7. Qe2 Nd5 8. h4
d6 9. c4 Nb6 10. exd6 Qxe2+ 11. Bxe2 cxd6 12. Be3 Be6 13. Nd2 Be7 14. h5 O-O 15.
h6 g6 16. O-O-O d5 17. Bd4 f6 18. Bf3 c5 19. Rhe1 Kf7 20. cxd5 Nxd5 21. Bxd5 Bxd5
22. Rxe7+ Kxe7 23. Bxc5+ Kf7 24. Bxf8 Rxf8 25. f3 Re8 26. Nb3 Bxb3 27. axb3 Rc8+
 1/2-1/2

[Event "4th 4NCL Easter Congress"]
[Site "Holiday Inn Peterborough - West"]
[Date "2024.03.31"]
[Round "5"]
[Board "6"]
[White "Baer, Bruce L"]
[Black "Samarakoon, Vivash"]
[Result "0-1"]
[WhiteElo "1945"]
[BlackElo "1978"]
[PlyCount "0"]
[EventDate "2024.03.29"]
[EventRounds "7"]
[EventCountry "ENG"]

1. Nf3 g6 2. g3 Bg7 3. Bg2 e5 4. d3 Ne7 5. e4 d6 6. h4 Bg4 7. c3 Qd7 8. Qb3 Bxf3
9. Bxf3 c6 10. h5 Na6 11. h6 Bf6 12. g4 Nc5 13. Qc2 Ne6 14. Rg1 Bg5 15. Bxg5 Nxg5
16. Nd2 Ng8 17. O-O-O Nxh6 18. d4 exd4 19. cxd4 Nxf3 20. Nxf3 Nxg4 21. Kb1 O-O-O
22. d5 h5 23. Ng5 c5 24. b4 c4 25. Qxc4+ Kb8 26. Qd4 Rc8 27. Rc1 Rhf8 28. f3 Ne5
29. f4 Ng4 30. Rxc8+ Rxc8 31. Rc1 Rxc1+ 32. Kxc1 f6 33. Ne6 h4 34. Qg1 f5 35. exf5
gxf5 36. Qh1 Qh7 37. Kc2 Qh8 38. b5 h3 39. Qe1 h2 40. Qb4 Qc8+  0-1

[Event "4th 4NCL Easter Congress"]
[Site "Holiday Inn Peterborough - West"]
[Date "2024.03.31"]
[Round "5"]
[Board "7"]
[White "Raju, Sooraj Menothuparambil"]
[Black "Zhang, Junyi"]
[Result "1-0"]
[WhiteElo "1969"]
[BlackElo "1924"]
[PlyCount "0"]
[EventDate "2024.03.29"]
[EventRounds "7"]
[EventCountry "ENG"]

1. e4 c5 2. Nc3 Nc6 3. g3 g6 4. Bg2 Bg7 5. f4 d6 6. d3 e6 7. Nf3 Nge7 8. O-O O-O
9. Be3 Nd4 10. e5 Nxf3+ 11. Qxf3 dxe5 12. fxe5 Bxe5 13. Bxc5 Bd4+ 14. Bxd4 Qxd4+
15. Kh1 Bd7 16. Qe4 Qxe4 17. Nxe4 Bc6 18. Rae1 Rad8 19. g4 Nd5 20. Nf6+ Nxf6 21.
Bxc6 bxc6 22. Rxf6 Rd4 23. h3 Ra4 24. a3 Rb8 25. Ref1 Rb7 26. R1f2 Ra5 27. c3 Rd5
28. R6f3 f5 29. Kg2 Rbd7 30. Rd2 Kg7 31. Kf2 Kh6 32. Re3 e5 33. gxf5 gxf5 34. Rde2
Rxd3 35. Rxe5 Rxh3 36. Kg2 Rhd3 37. Rxf5 Rd2 38. Kf2 Kg6 39. Rfe5 Rxe2+ 40. Kxe2
Kf6 41. Rc5 Rd6 42. b4 Ke7 43. Ra5 Rd7 44. Rh5 Kd6 45. Kd3 Kc7+ 46. Kc4 Kd6 47. a4
Rg7 48. Rh6+ Kc7 49. b5 cxb5+ 50. axb5 Rg4+ 51. Kc5 Rg5+ 52. Kb4 Rg7 53. c4 Kb7 54.
c5 Kc7 55. Ka5 Kb7 56. Rf6 Rg1 57. c6+ Kb8 58. Rf8+ Kc7 59. Rf7+ Kb8 60. Rb7+ Ka8
61. Rxh7 Kb8 62. Kb4 Rb1+ 63. Kc5 Rd1 64. Rb7+ Ka8 65. Rd7 Rc1+ 66. Kd6 Kb8 67. Rd8#
 1-0

[Event "4th 4NCL Easter Congress"]
[Site "Holiday Inn Peterborough - West"]
[Date "2024.03.31"]
[Round "5"]
[Board "8"]
[White "Wang, Luoke"]
[Black "Burrows, Martin P"]
[Result "1-0"]
[WhiteElo "1801"]
[BlackElo "1998"]
[PlyCount "0"]
[EventDate "2024.03.29"]
[EventRounds "7"]
[EventCountry "ENG"]

1. d4 Nf6 2. c4 e6 3. Nc3 Bb4 4. e3 O-O 5. Nf3 c5 6. Bd2 d5 7. a3 Bxc3 8. Bxc3 Ne4
9. Rc1 Nxc3 10. Rxc3 cxd4 11. exd4 dxc4 12. Bxc4 Nc6 13. O-O Qf6 14. Bb5 Rd8 15.
Bxc6 bxc6 16. Qa4 Bd7 17. Rc5 Be8 18. Rd1 Rd5 19. Qc4 Rad8 20. Rxd5 Rxd5 21. Re1
Qd8 22. h3 h6 23. b4 a5 24. Re5 axb4 25. axb4 Rd6 26. Ra5 Qb8 27. Ra6 f6 28. Qc5
Rd8 29. Qe7 Bd7 30. Nh4 Qc7 31. Ng6 Re8 32. Qc5 Kf7 33. Ra7 Qd8 34. Qd6 Kxg6 35.
Rxd7 Qb8 36. Rc7 Qb5 37. Qd7 Rg8 38. Qxe6 Kh7 39. Qxc6 Qxb4 40. Qxf6 Qa5 41. Qe5
Qa1+ 42. Kh2 Qb2 43. Rf7 Kh8 44. Qf4 Qa2 45. Qf5 Rd8 46. Rf8+ Rxf8 47. Qxf8+ Kh7
48. Qf5+ Kg8 49. d5 Qd2 50. f3 Qd4 51. Qe4 Qd2 52. Qe8+ Kh7 53. Qf7 Qd4 54. Qf5+
Kh8 55. f4  1-0

[Event "4th 4NCL Easter Congress"]
[Site "Holiday Inn Peterborough - West"]
[Date "2024.03.31"]
[Round "5"]
[Board "9"]
[White "Turner, Lewis A"]
[Black "Sasikumar, Srivathsan"]
[Result "1-0"]
[WhiteElo "1927"]
[BlackElo "1881"]
[PlyCount "0"]
[EventDate "2024.03.29"]
[EventRounds "7"]
[EventCountry "ENG"]

1. e4 c5 2. Nf3 Nc6 3. Bb5 e6 4. O-O Nge7 5. Re1 a6 6. Bf1 Nd4 7. c3 Nxf3+ 8. Qxf3
Ng6 9. d4 Be7 10. Be3 d6 11. Nd2 O-O 12. Bd3 Bd7 13. Qe2 b5 14. f4 f5 15. e5 dxe5
16. dxe5 Qc7 17. a4 Rab8 18. axb5 axb5 19. c4 b4 20. Nb3 Rfc8 21. g3 Ra8 22. Rxa8
Rxa8 23. Qf2 Rc8 24. Ra1 Bc6 25. Bxc5 Bb7 26. Be3 Qc6 27. Kf1 Rd8 28. Be2 Qe4 29.
Nd4 Bc5 30. Rd1 Ne7 31. Bf3 Qxf3 32. Nxf3 Rxd1+ 33. Ke2 Rc1 34. Bxc5 Rc2+ 35. Nd2
Nc6 36. b3 Na5 37. Bxb4 Nxb3 38. Qb6 Be4 39. Qxe6+  1-0

[Event "4th 4NCL Easter Congress"]
[Site "Holiday Inn Peterborough - West"]
[Date "2024.03.31"]
[Round "5"]
[Board "10"]
[White "Guthrie, David W"]
[Black "Boggarapu, Kritan"]
[Result "0-1"]
[WhiteElo "2129"]
[BlackElo "1933"]
[PlyCount "0"]
[EventDate "2024.03.29"]
[EventRounds "7"]
[EventCountry "ENG"]

1. d4 d5 2. c4 c6 3. Nf3 Nf6 4. Nc3 e6 5. e3 Nbd7 6. Qc2 b6 7. Bd3 Bb7 8. O-O dxc4
9. Bxc4 a6 10. e4 b5 11. Be2 c5 12. e5 Nd5 13. Bg5 Qb6 14. Rad1 cxd4 15. Rxd4 Bc5
16. Rh4 Nxc3 17. bxc3 h6 18. a4 bxa4 19. Qxa4 Qc6 20. Qg4 Qc7 21. Rb1 Bd5 22. Bf4
Bf8 23. c4 Be4 24. Rd1 Bf5 25. Qg3 Nc5 26. Nd4 Bg6 27. Qe3 Be7 28. Rh3 Rb8 29. Rg3
Kf8 30. Bg4 Rb6 31. Qf3 Kg8 32. Bh5 Be4 33. Qg4 Bf8 34. Qe2 Qb8 35. Re3 Rb2 36. Qe1
Qb7 37. Bf3 Bxf3 38. Nxf3 Kh7 39. Re2 Rxe2 40. Qxe2 Be7 41. Qc2+ g6 42. h4 Kg7 43.
Be3 Rc8 44. Qc1 Rh8 45. Qc2 a5 46. Bxc5 Bxc5 47. Qa4 Qb6 48. Rd2 Rd8 49. Rxd8 Qxd8
50. g3 Qb6 51. Qc2 Qb4 52. h5 g5 53. Nd2  0-1

[Event "4th 4NCL Easter Congress"]
[Site "Holiday Inn Peterborough - West"]
[Date "2024.03.31"]
[Round "5"]
[Board "11"]
[White "Hariharan, Shambavi"]
[Black "Wilks, Simon"]
[Result "1/2-1/2"]
[WhiteElo "1867"]
[BlackElo "2061"]
[PlyCount "0"]
[EventDate "2024.03.29"]
[EventRounds "7"]
[EventCountry "ENG"]

1. d4 Nf6 2. c4 e6 3. g3 Bb4+ 4. Bd2 Qe7 5. Bg2 Nc6 6. Nf3 Bxd2+ 7. Nbxd2 d6 8. O-O
O-O 9. e4 e5 10. d5 Nb8 11. b4 a5 12. a3 Na6 13. Qb3 Bd7 14. Qc3 Rfc8 15. Ne1 c6
16. dxc6 Bxc6 17. Qb3 axb4 18. axb4 b5 19. Nd3 Qe6 20. Rfe1 Bd7 21. c5 Qxb3 22. Nxb3
Be6 23. Nd2 Bc4 24. Nb2 Nxb4 25. Nbxc4 bxc4 26. Nxc4 Nd3 27. Rxa8 Rxa8 28. Rd1 Nxc5
29. Nxd6 Rd8  1/2-1/2

[Event "4th 4NCL Easter Congress"]
[Site "Holiday Inn Peterborough - West"]
[Date "2024.03.31"]
[Round "5"]
[Board "12"]
[White "Patel, Zain"]
[Black "Amato, Giampiero"]
[Result "1/2-1/2"]
[WhiteElo "1929"]
[BlackElo "1954"]
[PlyCount "0"]
[EventDate "2024.03.29"]
[EventRounds "7"]
[EventCountry "ENG"]

1. Nf3 Nf6 2. g3 g6 3. b3 Bg7 4. Bb2 O-O 5. Bg2 c5 6. c4 Nc6 7. O-O Rb8 8. d4 d6
9. dxc5 dxc5 10. Nc3 Qa5 11. Nd5 Nxd5 12. Bxg7 Nc3 13. Bxc3 Qxc3 14. Rc1 Qf6 15.
Qd2 Rd8 16. Qe3 b6 17. Rfd1 Bb7 18. Nd2 Nd4 19. Bxb7 Rxb7 20. Nb1 Rbd7 21. Nc3 Qe6
22. Qxe6 Nxe6 23. Nd5 Nd4 24. Kf1 Kg7 25. e3 Nc6 26. Ke2 e6 27. Nc3 Kf6 28. Ne4+
Kf5 29. f3 h6 30. h4 Rxd1 31. Rxd1 Rxd1 32. Kxd1 Ke5 33. Kd2  1/2-1/2

[Event "4th 4NCL Easter Congress"]
[Site "Holiday Inn Peterborough - West"]
[Date "2024.03.31"]
[Round "5"]
[Board "13"]
[White "Alldritt, Nigel RE"]
[Black "Vadalia, Jainill"]
[Result "1/2-1/2"]
[WhiteElo "1977"]
[BlackElo "1836"]
[PlyCount "0"]
[EventDate "2024.03.29"]
[EventRounds "7"]
[EventCountry "ENG"]

1. d4 Nf6 2. c4 e6 3. g3 d5 4. Nf3 Be7 5. Bg2 O-O 6. O-O b6 7. Ne5 Bb7 8. Nc3 Nbd7
9. Qa4 Nxe5 10. dxe5 Ne4 11. Nxe4 dxe4 12. Rd1 Qe8 13. Qc2 Qc6 14. Rd4 Qc5 15. Rd7
Qxe5 16. Bf4 Qf6 17. Bxe4 Bxe4 18. Qxe4 Bd6 19. Bxd6  1/2-1/2

[Event "4th 4NCL Easter Congress"]
[Site "Holiday Inn Peterborough - West"]
[Date "2024.03.31"]
[Round "5"]
[Board "14"]
[White "Kilambi, Venkata Ananth Akshay"]
[Black "Birtwistle, Nigel"]
[Result "1/2-1/2"]
[WhiteElo "1801"]
[BlackElo "2048"]
[PlyCount "0"]
[EventDate "2024.03.29"]
[EventRounds "7"]
[EventCountry "ENG"]

1. Nf3 g6 2. c4 c5 3. d4 cxd4 4. Nxd4 Nc6 5. e4 Nf6 6. Nc3 Nxd4 7. Qxd4 d6 8. f3
Bg7 9. Be3 O-O 10. Qd2 a5 11. a4 Be6 12. Be2 Nd7 13. O-O Nc5 14. Ra3 Qd7 15. Bd4
Bxd4+ 16. Qxd4 Qc7 17. Nd5 Bxd5 18. cxd5 Qb6 19. Rd1 Rac8 20. Bb5 Rc7 21. Rc3 Rcc8
22. Kh1 Qa7 23. g3 b6 24. f4  1/2-1/2

[Event "4th 4NCL Easter Congress"]
[Site "Holiday Inn Peterborough - West"]
[Date "2024.03.31"]
[Round "5"]
[Board "15"]
[White "Lukhi, Neev"]
[Black "Dilley, Jason M"]
[Result "1/2-1/2"]
[WhiteElo "1812"]
[BlackElo "2032"]
[PlyCount "0"]
[EventDate "2024.03.29"]
[EventRounds "7"]
[EventCountry "ENG"]

1. d4 d5 2. Bf4 Nf6 3. e3 e6 4. Nf3 c5 5. c3 Nc6 6. Nbd2 cxd4 7. exd4 Bd6 8. Bxd6
Qxd6 9. Bb5 O-O 10. Bxc6 bxc6 11. O-O c5 12. Nb3 cxd4 13. Qxd4 Ba6 14. Rfe1 Rfc8
15. Ne5 Rc7 16. Rad1 Rb8 17. c4 Qb4 18. c5 Qxd4 19. Rxd4 Ne4 20. f3 f6 21. fxe4 fxe5
22. Ra4 Bc4 23. exd5 Bxd5 24. Rxe5 Bxb3 25. axb3 Rxb3 26. Rxe6 Rxb2 27. h3 Rc2 28.
Re8+ Kf7 29. Ra8 R2xc5 30. R8xa7 h6 31. Rxc7+ Rxc7 32. Kf2 Rc3  1/2-1/2

[Event "4th 4NCL Easter Congress"]
[Site "Holiday Inn Peterborough - West"]
[Date "2024.03.31"]
[Round "5"]
[Board "16"]
[White "McLean, Robert"]
[Black "Lishoy Gengis Paratazham, Dildarav"]
[Result "0-1"]
[WhiteElo "1967"]
[BlackElo "1924"]
[PlyCount "0"]
[EventDate "2024.03.29"]
[EventRounds "7"]
[EventCountry "ENG"]

1. e4 d6 2. d4 Nf6 3. Nc3 e5 4. dxe5 dxe5 5. Qxd8+ Kxd8 6. Bc4 Be6 7. Bxe6 fxe6 8.
f3 a6 9. Be3 Bd6 10. O-O-O Ke7 11. Nh3 Nbd7 12. Nf2 b5 13. Nd3 Rhb8 14. Rd2 a5 15.
Kb1 a4 16. Rhd1 Ra6 17. Ne2 Rc6 18. Rc1 Ra8 19. c3 Nb6 20. Bxb6 cxb6 21. a3 Rac8
22. Rcd1 R6c7 23. Nec1 Nd7 24. Na2 Bc5 25. Nab4 Ra7 26. Nc2 Rf8 27. Ndb4 Rc7 28.
Nc6+ Ke8 29. N6b4 Ke7 30. Na6 Ra7 31. Nxc5 bxc5 32. Rd6 Rc8 33. Ne3 Rcc7 34. h4 h6
35. Ng4 h5 36. Nf2 Rab7 37. Ra6 Ra7 38. Rdd6 Rxa6 39. Rxa6 c4 40. Nh3 Nc5 41. Rb6
Nb3 42. Rxb5 Rd7 43. Rxb3 cxb3 44. Kc1 Kf6 45. Ng5 Ke7 46. Nh3 Kd8 47. Ng5 Kc7 48.
Nxe6+ Kc6 49. f4 exf4 50. Nxf4 Re7 51. Kd2 Rxe4 52. g3 Re5 53. c4 g5 54. hxg5 Rxg5
55. Ne2 Rg4 56. Nf4 h4 57. Nd3 Rxg3 58. Ke1  0-1

[Event "4th 4NCL Easter Congress"]
[Site "Holiday Inn Peterborough - West"]
[Date "2024.03.31"]
[Round "5"]
[Board "18"]
[White "Miller, George I"]
[Black "Cheng, Louis"]
[Result "1-0"]
[WhiteElo "1893"]
[BlackElo "1826"]
[PlyCount "0"]
[EventDate "2024.03.29"]
[EventRounds "7"]
[EventCountry "ENG"]

1. c4 c5 2. Nc3 Nc6 3. g3 g6 4. Bg2 Bg7 5. e4 d6 6. Nge2 e5 7. d3 Nge7 8. O-O Be6
9. Nd5 Qd7 10. Bh6 O-O 11. Qd2 Rab8 12. Bxg7 Kxg7 13. f4 f6 14. Rf2 Bxd5 15. cxd5
Nd4 16. Nxd4 cxd4 17. Raf1 Rbc8 18. fxe5 dxe5 19. h4 h5 20. Kh2 Qd6 21. Bh3 Rc5 22.
Rc1 b6 23. a3 a5 24. Rxc5 Qxc5 25. Rf1 Rf7 26. Be6 Rf8 27. Rc1 Qd6 28. Qc2 f5 29.
Qc7 Rd8 30. Qa7 Kf6 31. Rc6 Qb8 32. Bg8+ Qd6 33. Rxd6+ Rxd6 34. Qb8 Nxg8 35. Qxd6+
Kg7 36. Qxe5+ Kh6 37. Qh8#  1-0

[Event "4th 4NCL Easter Congress"]
[Site "Holiday Inn Peterborough - West"]
[Date "2024.03.31"]
[Round "5"]
[Board "19"]
[White "White, Stuart A"]
[Black "Mize, Dylan"]
[Result "1-0"]
[WhiteElo "2020"]
[BlackElo "1870"]
[PlyCount "0"]
[EventDate "2024.03.29"]
[EventRounds "7"]
[EventCountry "ENG"]

1. c4 e6 2. g3 Nf6 3. Bg2 d5 4. Nf3 Be7 5. O-O O-O 6. b3 c5 7. cxd5 exd5 8. d4 Nc6
9. Bb2 Be6 10. Nc3 Ne4 11. dxc5 Bxc5 12. Na4 Be7 13. Nd4 Nxd4 14. Bxd4 Bf6 15. Rc1
b6 16. Nc3 Bxd4 17. Qxd4 Qf6 18. Qd3 Nxc3 19. Rxc3 Bf5 20. Qf3 d4 21. Rc7 Qe5 22.
Rfc1 Rae8 23. h4 Be4 24. Qxe4 Qxe4 25. Bxe4 Rxe4 26. Kf1 Rfe8 27. R1c2 f5 28. Rxa7
f4 29. Rcc7 fxg3 30. Rxg7+ Kh8 31. Rxh7+ Kg8 32. Rag7+ Kf8 33. Rxg3 Rxe2 34. Rh8+
Kf7 35. Rxe8 Rxe8 36. Rg4 d3 37. Rd4 Rh8 38. Ke1 Re8+ 39. Kf1 Rh8 40. f3 Ke6 41.
Kf2 Ke5 42. Ke3 Rh5 43. Re4+ Kd5 44. Kxd3 Rf5 45. Ke3 Rf8 46. Rd4+ Kc5 47. Rd2 Rh8
48. Rh2 Rh5 49. Kf4 Rh8 50. h5 Kd5 51. h6 Ke6 52. h7 Kf6 53. Ke4  1-0

[Event "4th 4NCL Easter Congress"]
[Site "Holiday Inn Peterborough - West"]
[Date "2024.03.31"]
[Round "5"]
[Board "20"]
[White "Richmond, Frank"]
[Black "Varley, Joe"]
[Result "0-1"]
[WhiteElo "1711"]
[BlackElo "1926"]
[PlyCount "0"]
[EventDate "2024.03.29"]
[EventRounds "7"]
[EventCountry "ENG"]

1. e4 c5 2. c3 Nf6 3. e5 Nd5 4. d4 cxd4 5. Nf3 e6 6. cxd4 Nc6 7. Bc4 Nb6 8. Bb3 d6
9. Qe2 Be7 10. O-O O-O 11. Nc3 Bd7 12. a3 Rc8 13. Bf4 Na5 14. Bc2 Bc6 15. Qd3 g6
16. Qe2 Nd5 17. Nxd5 Bxd5 18. Rad1 Qb6 19. Be4 dxe5 20. Bxd5 exf4 21. Ba2 Bf6 22.
b4 Nc6 23. d5 exd5 24. Rxd5 Rfd8 25. Rfd1 Rxd5 26. Bxd5 Qc7 27. Qe4 Rd8 28. Rc1 Bb2
29. Rb1 Bxa3 30. Ng5 Ne5 31. Bxb7 Rb8 32. Ba6 h6 33. Nh3 g5 34. Bf1 Qd6 35. b5 Bc5
36. Be2 Rd8 37. g3 fxg3 38. hxg3 Qf6 39. Rd1 Rxd1+ 40. Bxd1 Bb6 41. Kg2 Qd6 42. Bb3
Qc5 43. Qe2 Qc3 44. Bd5 Qd4 45. Bb3 Kg7 46. Ng1 Nd3 47. Nh3 Nc1 48. Qh5 Nxb3 49.
Nxg5 Qd5+ 50. Qf3 Qxg5 51. Qxb3 Qf5 52. Qc3+ Kg6 53. Qc6+ Kh7 54. f3 Qc5 55. Qe4+
f5 56. Qe2 Qg1+ 57. Kh3 Qh1+ 58. Qh2 Qxf3 59. Qd2 Qh1+ 60. Qh2 Qxh2+ 61. Kxh2 Kg6
62. Kh3 Kg5 63. Kg2 Kg4 64. Kh2 h5 65. Kg2 Bc7 66. Kf2 Bxg3+ 67. Kg2  0-1

[Event "4th 4NCL Easter Congress"]
[Site "Holiday Inn Peterborough - West"]
[Date "2024.03.31"]
[Round "5"]
[Board "21"]
[White "Railwani, Tavish"]
[Black "Mesesan, Mircea-Marius"]
[Result "1/2-1/2"]
[WhiteElo "1783"]
[BlackElo "1963"]
[PlyCount "0"]
[EventDate "2024.03.29"]
[EventRounds "7"]
[EventCountry "ENG"]

1. e4 e5 2. Nf3 Nf6 3. Nc3 Nc6 4. Bc4 Nxe4 5. Nxe4 d5 6. Bd3 dxe4 7. Bxe4 Bd6 8.
Bxc6+ bxc6 9. O-O O-O 10. d3 Qf6 11. h3 h6 12. Be3 c5 13. c3 Ba6 14. Re1 Rfe8 15.
d4 cxd4 16. cxd4 e4 17. Nd2 Rab8 18. b3 Bb4 19. a3 Bxd2 20. Qxd2 Rxb3 21. Qc2 Rb7
22. Rac1 Bb5 23. Qc5 Qd6 24. Rc3 Bd7 25. Rec1 Reb8 26. Qxd6 cxd6 27. Bf4 Rb6 28.
Rc7 R8b7 29. Rxb7 Rxb7 30. Bxd6 f6 31. Rc7 Rxc7 32. Bxc7 Kf7 33. Bd6 g6 34. h4 h5
35. g3 Ke6 36. Bc5 a6 37. Kg2 Bc6 38. Kh3 Kf5 39. Bb6 Bd7 40. Bc5 e3 41. fxe3 Ke4+
42. Kh2 Kxe3 43. Be7 f5 44. Bc5 Kf3 45. Bd6 Be6 46. Bc5 f4 47. gxf4 Kxf4 48. Bd6+
Ke4 49. Bc5 Kf5 50. Kg3 Ke4 51. Bb6 Bd5 52. Bc5 Be6 53. Bb6  1/2-1/2

[Event "4th 4NCL Easter Congress"]
[Site "Holiday Inn Peterborough - West"]
[Date "2024.03.31"]
[Round "5"]
[Board "22"]
[White "Ward, Cian"]
[Black "Gibson, Christopher A"]
[Result "1/2-1/2"]
[WhiteElo "1815"]
[BlackElo "1852"]
[PlyCount "0"]
[EventDate "2024.03.29"]
[EventRounds "7"]
[EventCountry "ENG"]

1. e4 c5 2. Nf3 Nc6 3. Bb5 e6 4. Bxc6 bxc6 5. O-O d5 6. d3 Nf6 7. Qe2 Be7 8. c4 O-O
9. Nc3 Bb7 10. b3 Nd7 11. Na4 f6 12. Ba3 d4 13. e5 f5 14. Nd2 g5 15. g3 Qe8 16. f4
g4 17. Kg2 Qg6 18. Rh1 Kg7 19. h4 h5 20. Nf1 a5 21. Nd2 Qe8 22. Rhb1 Qf7 23. Bc1
Rfb8 24. Rb2 Qf8 25. Nb1 Kf7 26. Na3 Ra7 27. Nc2 Ba8 28. Kh2 Qd8 29. Bd2 Kg6 30.
Qe1 Qc7 31. a3 Qd8  1/2-1/2

[Event "4th 4NCL Easter Congress"]
[Site "Holiday Inn Peterborough - West"]
[Date "2024.03.31"]
[Round "5"]
[Board "23"]
[White "Wynarczyk, Raymond"]
[Black "Han, Qixiang"]
[Result "0-1"]
[WhiteElo "1858"]
[BlackElo "1874"]
[PlyCount "0"]
[EventDate "2024.03.29"]
[EventRounds "7"]
[EventCountry "ENG"]

1. e4 c5 2. c3 d5 3. exd5 Qxd5 4. d4 g6 5. Qf3 Nf6 6. Bb5+ Bd7 7. Qxd5 Nxd5 8. Bxd7+
Nxd7 9. Nf3 cxd4 10. Nxd4 e5 11. Nc2 Nc5 12. Ke2 e4 13. Be3 Nd3 14. Nd2 f5 15. c4
N5f4+ 16. Kf1 Ne6 17. Nd4 Nc7 18. Ne2 Ne6 19. Nd4 Nec5 20. N4b3 Nd7 21. Bd4 Rg8 22.
f3 N7c5 23. Nxc5 Bxc5 24. Bxc5 Nxc5 25. b4 O-O-O 26. Ke2 exf3+ 27. Nxf3 Rge8+ 28.
Kf1 Ne4 29. Re1 g5 30. g3 h5 31. Re2 Rd1+ 32. Re1 Rxe1+ 33. Nxe1 Rd8 34. Nf3 Nd2+
35. Nxd2 Rxd2 36. Ke1 Rxa2 37. Rf1 Ra1+ 38. Ke2 Rxf1 39. Kxf1 Kd7 40. Ke2 Kc6 41.
Ke3 b5 42. Kd4 bxc4 43. Kxc4 f4 44. gxf4 gxf4 45. h4 f3 46. Kd3 Kb5 47. Ke3 Kxb4
48. Kxf3 a5 49. Kf4 a4 50. Kg5 a3 51. Kxh5 a2 52. Kg6 a1=Q 53. h5 Qh8  0-1

[Event "4th 4NCL Easter Congress"]
[Site "Holiday Inn Peterborough - West"]
[Date "2024.04.01"]
[Round "6"]
[Board "1"]
[White "Hebden, Mark L"]
[Black "Boswell, Jacob Connor"]
[Result "1-0"]
[WhiteElo "2386"]
[BlackElo "2254"]
[PlyCount "0"]
[EventDate "2024.03.29"]
[EventRounds "7"]
[EventCountry "ENG"]

1. d4 Nf6 2. Bg5 g6 3. Bxf6 exf6 4. e3 d5 5. Nd2 Nd7 6. c4 dxc4 7. Bxc4 Bd6 8. Ne2
f5 9. Nc3 O-O 10. Qc2 c5 11. dxc5 Bxc5 12. O-O-O a6 13. Nb3 Ba7 14. h4 h5 15. Nd4
Qa5 16. Kb1 Nf6 17. Nf3 b5 18. Bb3 Bb7 19. Ng5 b4 20. Rd6 Kg7 21. Ne2 Rac8 22. Qd2
Bc5 23. Rxf6 Kxf6 24. Nh7+ Kg7 25. Nxf8 Kxf8 26. Nf4 Rd8 27. Qe2 Qb5 28. Qxb5 axb5
29. Rd1 Be4+ 30. Kc1 Rc8 31. Kd2 Be7 32. g3 Bf6 33. Ke2 Ke8 34. f3 Bb7 35. Nd3 Ke7
36. Rb1 Re8 37. Nxb4 f4 38. Bd5 Bc8 39. Bc6 Bd7 40. Nd5+ Kd6 41. Bxd7  1-0